| 000 | 00871nam a2200277Ia 4500 | ||
|---|---|---|---|
| 003 | GCL | ||
| 008 | 140319s9999 xx 000 0 ara d | ||
| 040 |
_aGCL / _cGCL |
||
| 082 | 0 | 4 |
_aق _b916.621 _bر ن |
| 100 | 1 | _aرشدى سعيد | |
| 245 | 1 | 0 |
_aنهر النيل نشأتة واستخدام مياهة فى الماضى والمستقبل / _cرشدى سعيد |
| 260 |
_a[S.N] : _bدار الهلال للطباعة والنشر ، _c1993 |
||
| 300 | _a342 ص | ||
| 490 | _a | ||
| 650 | 0 | 4 | _aالعصر الحديث |
| 650 | 0 | 4 | _aالسودان |
| 650 | 0 | 4 | _aالجغرافيا الطبيعية |
| 650 | 0 | 4 | _aمصر القديمة |
| 650 | 0 | 4 | _aنهر النيل |
| 650 | 0 | 4 | _aالسد العالى |
| 650 | 0 | 4 | _aالملاحة |
| 650 | 0 | 4 | _aالفيضانات |
| 650 | 0 | 4 | _aالقوى المائية |
| 650 | 0 | 4 | _aالجسور |
| 942 |
_2ddc _cBK |
||
| 999 |
_c31123 _d31123 |
||